Codex iuris canonici: schema patribus commissionis reservatum
में बचाया:
| स्वरूप: | पुस्तक |
|---|---|
| भाषा: | लैटिन |
| प्रकाशित: |
Ciudad del Vaticano
Libreria Editrice Vaticana
1980
|
| विषय: | |
| टैग: |
टैग जोड़ें
कोई टैग नहीं, इस रिकॉर्ड को टैग करने वाले पहले व्यक्ति बनें!
|
MARC
| LEADER | 00000nam a2200000 a 4500 | ||
|---|---|---|---|
| 001 | UCT7985 | ||
| 003 | CL-VaPUC | ||
| 008 | 970317e19800000VC |||||||||||||||||lat|d | ||
| 082 | 0 | 4 | |a 262.93 |b COD |2 21 |
| 245 | 1 | 0 | |a Codex iuris canonici: schema patribus commissionis reservatum |
| 300 | |a 381 p | ||
| 942 | |c BK | ||
| 945 | |d 19970317 00:00:00 |a paguirre | ||
| 260 | |a Ciudad del Vaticano |b Libreria Editrice Vaticana |c 1980 | ||
| 650 | 7 | |a DERECHO CANONICO |2 CL-VaPUC |9 379381 | |
| 650 | 0 | |a Iglesia Católica |9 256114 | |
| 650 | 0 | |a Sacramentos |9 257270 | |
| 650 | 0 | |a Personas no religiosas |9 349308 | |
| 650 | 7 | |a LEGISLACION |2 CL-VaPUC |9 379382 | |
| 583 | |a last modification |c 19970317 00:00:00 |k Rodrigo Vera | ||
| 999 | |c 256525 |d 256523 | ||
| 952 | |0 0 |1 0 |4 0 |6 262_930000000000000_COD_1980 |7 0 |8 DER_HDC |9 279309 |a BIBDER |b BIBDER |d 2019-11-19 |i 3436292 |l 1 |o 262.93 COD 1980 |p 3436292 |r 2023-01-25 |s 2020-03-19 |w 2019-11-19 |x Ubicación 4to Piso |y BK |z Estos recursos deben solicitarse con anticipación |k DER | ||